Encyclopédie des Ouvrages de Dames (Record no. 1757)

MARC details
000 -CABECERA
campo de control de longitud fija 00833nam a2200253 a 4500
001 - NÚMERO DE CONTROL
campo de control BRCA_1989
005 - FECHA Y HORA DE LA ÚLTIMA TRANSACCIÓN
campo de control 20190320203628.0
008 - DATOS DE LONGITUD FIJA--INFORMACIÓN GENERAL
campo de control de longitud fija 110408s1950----fr-a---###---#000-0#fre-#
041 ## - CÓDIGO DE LENGUA
Código de lengua del texto/banda sonora o título independiente fre
044 ## - CÓDIGO DEL PAÍS DE LA ENTIDAD EDITORA/PRODUCTORA
Código MARC del país fr
050 #4 - SIGNATURA TOPOGRÁFICA DE LA BIBLIOTECA DEL CONGRESO
Número de clasificación NK9204
Número de documento/Ítem .D55 1950
100 1# - ENTRADA PRINCIPAL--NOMBRE DE PERSONA
Nombre de persona Dillmont, Thérèse de
9 (RLIN) 6100
245 10 - MENCIÓN DE TÍTULO
Título Encyclopédie des Ouvrages de Dames
Mención de responsabilidad, etc. par Thérèse de Dillmont.
260 ## - PUBLICACIÓN, DISTRIBUCIÓN, ETC.
Lugar de publicación, distribución, etc. Dornach (Alsace)
Nombre del editor, distribuidor, etc. Th. de Dillmont
Fecha de publicación, distribución, etc. [1950]
300 ## - DESCRIPCIÓN FÍSICA
Extensión 742 p.
Otras características físicas il. (algunas a color), diagramas, fotografías
Dimensiones 23 cm.
Material acompañante/anejo 1 cuadernillo
440 #0 - MENCIÓN DE SERIE/PUNTO DE ACCESO ADICIONAL--TÍTULO
Título Bibliothèque D.M.C
9 (RLIN) 6101
500 ## - NOTA GENERAL
Nota general Incluye lista de artículos especiales de algodón, seda y lino
500 ## - NOTA GENERAL
Nota general Con ex-libris de : José Ignacio Iturbide
650 14 - PUNTO DE ACCESO ADICIONAL DE MATERIA--TÉRMINO DE MATERIA
Término de materia o nombre geográfico como elemento de entrada Bordado
Subdivisión de forma Manuales
9 (RLIN) 6102
650 14 - PUNTO DE ACCESO ADICIONAL DE MATERIA--TÉRMINO DE MATERIA
Término de materia o nombre geográfico como elemento de entrada Tapicería
9 (RLIN) 6103
650 14 - PUNTO DE ACCESO ADICIONAL DE MATERIA--TÉRMINO DE MATERIA
Término de materia o nombre geográfico como elemento de entrada Costura
9 (RLIN) 6104
902 ## - CATALOGADOR
Iniciales REF
942 ## - ELEMENTOS DE PUNTO DE ACCESO ADICIONAL (KOHA)
Fuente del sistema de clasificación o colocación Library of Congress Classification
Tipo de ítem Koha Libros
Holdings
Estado de retiro Estado de pérdida Estado dañado No para préstamo Localización permanente Ubicación/localización actual Fecha de adquisición Total de préstamos Signatura topográfica completa Código de barras Fecha visto por última vez Precio válido a partir de Tipo de ítem Koha
El ejemplar forma parte de la colección y puede ser consultado según las políticas vigentes.       Biblioteca del Museo Franz Mayer (Rogerio Casas-Alatriste) Biblioteca del Museo Franz Mayer (Rogerio Casas-Alatriste) 30/07/2008   NK9204 .D55 1950 REF00154 22/03/2019 22/03/2019 Libros